| 000 | 00767nac a22001691u 4500 | ||
|---|---|---|---|
| 008 | 080818s2005 le||||| |||| 00| 0 ara d | ||
| 020 | _a9953820236 | ||
| 082 |
_a328 _bق و ا |
||
| 110 |
_aMarkaz Derasat Al Wehda Al Arabeya. _916417 |
||
| 245 |
_aقواعد النظام الديموقراطية: _bقواعد روبرت التنظيمية للاجتماعات/ _cهنرى إم روبرت الثالث ...(وآخ)؛ ترجمة عبد الله بن حمد الحميدان |
||
| 260 |
_aبيروت: _bمركز دراسات الوحدة العربية، 2005 _c2005. |
||
| 300 |
_a607؛ص _c24 سم |
||
| 500 | _a | ||
| 511 | _aCatalogued by: Sara | ||
| 541 |
_aمركز دراسات الوحدة العربية ؛ _cشراء ؛ |
||
| 942 |
_cBB _k328 ق و ا _2ddc |
||
| 999 |
_c5614 _d5614 |
||